000 00831nam a2200229 4500
003 OSt
005 20240618032035.0
006 a
008 240618b |||||||| |||| 00| 0 eng d
040 _aDWCL-Main lib.
_cOC
082 _aCirc. 899.2210 Is82p 1994
111 _aSubagio Sastrowardayo, A. Kashim Achmad
245 _aThe Islamic period in Indonesian literature /
260 _aJakarta, Indonesia :
_bASEAN Committe on Culture and Information,
_cc1994.
300 _aviii,
_b457 p. : col. ill. ;
_c23 cm.
490 _3(Anthology of ASEAN literatures, vol. 3
500 _aIncludes bibliographical references.
650 _a1. Indonesian literature–Islamic influences.
650 _a2. Indonesian literature–Translations.
711 _aSubagio Sastrowardayo, A. Kashim Achmad
942 _2ddc
_n0
_cBK-CIRC
_kCirc.
999 _c805
_d805